1814. Manuscrit du Baron Fain, Secrétaire intime de Napoléon I. Illustré d'estampes et Tableaux des plus grands Artistes du temps. Avec Introduction et Notes de MM. Maurice Vitrac et Arnould Galopin
保存先:
| 主要な著者: | , |
|---|---|
| フォーマット: | 図書 |
| 言語: | フランス語 |
| 出版事項: |
París
Arthème Fayard
1906
|
| 版: | 1a. ed |
| 主題: | |
| タグ: |
タグ追加
タグなし, このレコードへの初めてのタグを付けませんか!
|
MARC
| LEADER | 00000nam a2200000 a 4500 | ||
|---|---|---|---|
| 001 | UCJ7029 | ||
| 003 | CL-VaPUC | ||
| 008 | 070124e19060000FR |||||||||||||||||fre|d | ||
| 082 | 0 | 4 | |a 944 |b VIT |2 21 |
| 100 | 0 | |a Vitrac, Maurice |e author |9 514870 | |
| 700 | 0 | |a Galopin, Arnould |e author |9 514871 | |
| 245 | 1 | 0 | |a 1814. Manuscrit du Baron Fain, Secrétaire intime de Napoléon I. Illustré d'estampes et Tableaux des plus grands Artistes du temps. Avec Introduction et Notes de MM. Maurice Vitrac et Arnould Galopin |
| 250 | |a 1a. ed | ||
| 300 | |a 118 p | ||
| 942 | |c BK | ||
| 945 | |d 20070124 00:00:00 |a rinostro | ||
| 260 | |a París |b Arthème Fayard |c 1906 | ||
| 500 | |a Ilustraciones e iconografía sin indizar | ||
| 650 | 0 | |a Biografías |9 255210 | |
| 650 | 0 | |a Iconografía |9 267998 | |
| 650 | 7 | |a DOCUMENTOS |2 CL-VaPUC |9 366450 | |
| 650 | 0 | |a Ilustraciones |9 369481 | |
| 650 | 0 | |a Mapas |9 260844 | |
| 583 | |a last modification |c 20170807 11:10:33 |k Rodrigo Vera | ||
| 999 | |c 323131 |d 323129 | ||
| 952 | |0 0 |1 0 |4 0 |6 944_000000000000000_VIT_1906 |7 0 |8 X |9 402456 |a FDOBUD |b FDOBUD |d 2019-11-22 |i 1057014 |o 944 VIT 1906 |p 1057014 |r 2019-11-22 |w 2019-11-22 |y BK_X |k BUD | ||